Itzy - Focus (Lyrics) - Statistics

General Stats
  • This quiz has been taken 8 times
  • The average score is 17 of 46
Answer Stats
Lyrics % Correct
Focus
100%
Focus
100%
Focus
100%
just
83%
Just
83%
on
83%
on
83%
on
83%
I
67%
my
67%
No
67%
no
67%
no
67%
Vision
67%
Vision
67%
can
50%
down
50%
fear,
50%
going
50%
keep
50%
Keep
50%
me
50%
into
33%
myself,
33%
shut
33%
the
33%
Ah
17%
doubt,
17%
eyes
17%
Feeling
17%
anxiety
0%
Break
0%
dive
0%
Greedy
0%
Mind
0%
Mind
0%
New
0%
New
0%
one
0%
point
0%
point
0%
sealed
0%
sealed
0%
senses
0%
site
0%
woah
0%
No matching quizzes found
Score Distribution
Percent of People with Each Score
Percentile by Number Answered
Your Score History
You have not taken this quiz